| 000 | 00557 a2200169 4500 | ||
|---|---|---|---|
| 003 | Nust | ||
| 005 | 20170207153455.0 | ||
| 040 | _cNust | ||
| 082 | _a920 | ||
| 100 | _aEchilles,M | ||
| 245 |
_aTagore and Nehru _bA Study In Contrast _cM. Echilles |
||
| 260 |
_aLahore _bTagore Pub |
||
| 300 | _a119:p | ||
| 505 | _aFamily Antecedents (Page-9), Socialist Comrades (Page-24), China (Page-38), Internationalism (Page-50), Love To Poetry (Page-62), Travel (Page-65), Fame In Other Countries (Page-114). | ||
| 538 | _aAlmirah No.60 Shelf No.3 | ||
| 650 | _aBiography | ||
| 942 |
_2ddc _cBK |
||
| 999 |
_c187051 _d187051 |
||